Biblioteca

Prefacio a las biblias castellanas del siglo XVI (Registro nro. 32958)

Detalles MARC
000 -LÍDER
Campo fijo de descripción fija 00689nam a22002417a 4500
001 - NÚMERO DE CONTROL
Campo de control 1744
003 - IDENTIFICADOR DEL NÚMERO DE CONTROL
Campo de control CO-MdFUSB
005 - FECHA Y HORA DE LA ULTIMA TRANSACCIÓN
control field 20180622072722.0
008 - ELEMENTOS DE LONGITUD FIJA -- INFORMACIÓN GENERAL
Campo fijo de descripción fija -- Información general 170510t1951 ag ||||| |||| 00| 0 s d
040 ## - FUENTE DE CATALOGACIÓN
Agencia de catalogación original CO-MdFUSB
Idioma de catalogación spa
Agencia que realiza la transcripción CO-MdFUSB
Agencia que realiza la modificación CO-MdFUSBC
Convenciones de la descripción rda
041 0# - CÓDIGO DE IDIOMA
Código de idioma para texto/pista de sonido o título separado spa
082 04 - NÚMERO DE CLASIFICACIÓN DECIMAL DEWEY
Número de clasificación G 220.49 S866q
100 1# - ASIENTO PRINCIPAL--NOMBRE PERSONAL
Nombre personal Stockwell, B. Foster
Término relacionador autor
245 #0 - TÍTULO
Título del Material Prefacio a las biblias castellanas del siglo XVI
Mención de responsabilidad, etc. / B. Foster Stockwell
250 ## - MENCIÓN DE EDICIÓN
Mención de edición 2
264 #4 - PRODUCCIÓN, PUBLICACIÓN, DISTRIBUCIÓN, MANUFACTURA, Y COPYRIGHT
Lugar de producción, publicación, distribución, manufactura Buenos Aires, Argentina :
Nombre del productor, publicador, distribuidor La Aurora
Fecha de producción, publicación, distribución, manufactura, o copyright ©1951
300 ## - DESCRIPCIÓN FÍSICA
Extensión 185 Pag
336 ## - TIPO DE CONTENIDO
Fuente rdacontent
Término de tipo de contenido
Código de tipo de contenido
337 ## - TIPO DE MEDIO
Fuente rdamedia
Nombre del tipo de medio
Código del tipo de medio
338 ## - TIPO DE SOPORTE
Fuente rdacarrier
Nombre del tipo de soporte
Código Tipo de soporte
653 ## - TÉRMINO DE INDIZACIÓN - NO CONTROLADO
Término no controlado Versiones de la Biblia española
942 ## - TIPO DE MATERIAL (KOHA)
Tipo de Item KOHA Libros General
Existencias
Estado de Material Estado de Perdido Estado de Dañado No para Préstamo Colección Tomo Biblioteca de Origen Biblioteca Permanente Fecha de Adquisición Total de Préstamos Signatura Topográfica Código de Barras Última vez visto Ejemplar/Existencia Fecha de Remplazo Tipo de Material
        Colección General   Biblioteca FUSBC Biblioteca FUSBC 28/10/2004   G 220.49 S866q 1199 12/12/2019 2 26/01/2016 Libros General

Biblioteca FUSBC | Teléfono: (57+4) 349 88 10 Ext. 141| WhatsApp (+57) 3005338115 
E-mail: biblioteca@unisbc.edu.co | Calle 76 87-14 Robledo Palenque, Medellín, Colombia

Con tecnología Koha